Alle Nachbarländer zu Land #7 - Statistiken

Allgemein
  • Dieses Quiz wurde 29 mal gespielt
  • Das Durchschnittsergebnis liegt bei 25 aus 30
Antwortstatistiken
Länge Antwort % Korrekt
317km Kenia
100%
714km DR Kongo
96%
921km Iran
96%
494km Republik Kongo
96%
2.158km Sudan
96%
1.062km Mali
88%
1.975km Nigeria
88%
2.670km Pakistan
88%
496km Südafrika
88%
840km Tansania
88%
1.116km Tschad
88%
804km Turkmenistan
88%
475km Uganda
88%
590km Liberia
83%
363km Senegal
83%
1.402km Simbabwe
83%
1.055km Zentralafrikanische Republik
83%
901km Zentralafrikanische Republik
83%
1.299km Äthiopien
79%
816km Elfenbeinküste
79%
421km Guinea-Bissau
79%
439km Sambia
79%
794km Sierra Leone
79%
1.357km Tadschikistan
79%
108km Eswatini
75%
349km Gabun
75%
144km Usbekistan
75%
91km China
71%
183km Äquatorialguinea
67%
1.498km Malawi
67%
Keine übereinstimmenden Quizze gefunden
Verteilung der Resultate
Anzahl Personen mit jedem Resultat
Perzentil nach korrekt beantworteten Fragen
Ihre Resultats-Entwicklung
Sie haben dieses Quiz noch nicht gespielt